Normal view
MARC view
- الزغول،فواز أحمد مؤلف/العجلوني،خالد م.مشارك/ناصر الدين،لبنى ماجد م.مشارك/سعادات،دعاء سعادة م.مشارك
Entry Personal Name
001 - CONTROL NUMBER
- control field: 31176
003 - CONTROL NUMBER IDENTIFIER
- control field: JO-AjAnu
005 - DATE AND TIME OF LATEST TRANSACTION
- control field: 20230606075243.0
008 - FIXED-LENGTH DATA ELEMENTS
- fixed length control field: 230606|| aca||aabn | a|a d
040 ## - CATALOGING SOURCE
- Original cataloging agency: JO-AjAnu
- Transcribing agency: JO-AjAnu
100 ## - HEADING--PERSONAL NAME
- Personal name: الزغول،فواز أحمد مؤلف/العجلوني،خالد م.مشارك/ناصر الدين،لبنى ماجد م.مشارك/سعادات،دعاء سعادة م.مشارك
670 ## - SOURCE DATA FOUND
- Source citation: Work cat.: (JO-AjAnu)16009: الزغول،فواز أحمد مؤلف/العجلوني،خالد م.مشارك/ناصر الدين،لبنى ماجد م.مشارك/سعادات،دعاء سعادة م.مشارك, author, تطبيقات التكنولوجيا في التعليم